000 00870cas a22002295a 4500
001 L143534
008 080515c2006 xxkqr ws ss 0 a0eng u
035 _a(Sirsi) u143534
041 0 _aeng
110 2 _aCluttons
_92064
245 0 0 _aLondon view
_h[electronic resource]
260 _aLondon
_bCluttons
_c2006-
362 0 _a2006-
490 0 _aLondon View
505 2 _aCentral London residential sales market -- Central London residential lettings market
520 _aDiscusses the residential property lettings and sales markets in Central London. Graphs depict quarterly demand and growth.
554 _aQuarterly
651 4 _aLondon
690 _aPROPERTY-RESIDENTIAL PROPERTY-RESIDENTIAL PROPERTY MARKET
856 4 0 _uhttps://www.cluttons.com/research_index.cfm?serviceCategoryId=1
_zView the item free of charge at www.cluttons.com...
942 _n0
999 _c119179
_d119179